000 00554nam a2200181Ia 4500
008 090123s9999 xx 000 0 und d
082 _b36899
100 _aटाकळकर मीना
245 _aसुजाण पालकत्व
250 _a1
260 _bमेहता प्रकाशन
_c2004
300 _a90
600 _aटाकळकर मीना
630 _aसुजाण पालकत्व
700 _aटाकळकर मीना
730 _aसुजाण पालकत्व
942 _cBOOK
999 _c74967
_d74967